Brawl Stars: Summer Skins by Picture - Statistics

General Stats
  • This quiz has been taken 34 times
    9 since last reset
  • The average score is 13 of 17
Answer Stats
Picture Answer % Correct
Coco Rosa
100%
Shark Leon
100%
Beach Brock
89%
Dino Leon
89%
Sandcastle Ash
89%
Whale Watch Nita
89%
Beach Belle
78%
Beach Byron
78%
Bubble Trouble Amber
78%
Summer Jessie
78%
Tropical Sprout
78%
Holiday Pam
67%
Jet Ski Jacky
67%
Surfer Carl
67%
Beach Time Mortis
56%
Parasol Frank
56%
Wave Hopper Jacky
56%
No matching quizzes found
Score Distribution
Percent of People with Each Score
Percentile by Number Answered
Your Score History
You have not taken this quiz since the last reset